|
|
|
|
| LEADER |
01423nam a2200289 a 4500 |
| 001 |
19110 |
| 003 |
BD-DhAAL |
| 008 |
090906r2008 ii a b 001 0 eng d |
| 999 |
|
|
|c 3843
|d 3843
|
| 020 |
|
|
|a 8123907311
|
| 040 |
|
|
|a BD-DhAAL
|
| 082 |
0 |
0 |
|a 543.0894
|2 22
|
| 100 |
1 |
|
|a Sethi, P.D.
|9 44279
|
| 245 |
1 |
0 |
|a HPLC : high performance liquid chromatography :
|b quantitative analysis of pharmaceutical formulations /
|c P.D. Sethi.
|
| 260 |
|
|
|a New Delhi :
|b Macmillan :
|b CBS Publishers & Distributors,
|c 2008 [reprinted]
|
| 300 |
|
|
|a xxiv, 895 pages :
|b illustrations ;
|c 25 cm.
|
| 504 |
|
|
|a Includes bibliographical references and index.
|
| 541 |
1 |
|
|e 00019110
|
| 650 |
|
0 |
|a High performance liquid chromatography.
|9 44280
|
| 650 |
|
0 |
|a Pharmaceutical chemistry.
|9 44281
|
| 650 |
|
0 |
|a Chemistry, Analytic
|x Quantitative.
|9 44282
|
| 650 |
|
0 |
|a Pharmacy.
|9 44283
|
| 852 |
4 |
|
|a Ayesha Abed Library
|j General Stacks
|
| 942 |
|
|
|2 ddc
|c BK
|
| 952 |
|
|
|0 0
|1 0
|2 ddc
|4 0
|6 543_089400000000000_SET_2008
|7 0
|9 3497
|a BRACUL
|b BRACUL
|c GEN
|d 2009-09-08
|l 1
|m 3
|o 543.0894 SET
|p 3010019110
|r 2015-01-10
|s 2014-03-27
|t 1
|w 2009-09-08
|y BK
|
| 952 |
|
|
|0 0
|1 0
|2 ddc
|4 0
|6 543_089400000000000_SET_2008
|7 0
|9 12554
|a BRACUL
|b BRACUL
|c GEN
|d 2010-10-19
|l 1
|o 543.0894 SET
|p 3010019112
|r 2022-11-30
|s 2022-11-23
|t 2
|w 2010-10-19
|y BK
|
| 952 |
|
|
|0 0
|1 0
|2 ddc
|4 0
|6 543_089400000000000_SET_2008
|7 0
|9 12555
|a BRACUL
|b BRACUL
|c GEN
|d 2010-10-19
|l 0
|o 543.0894 SET
|p 3010019111
|r 2010-10-19
|t 3
|w 2010-10-19
|y BK
|